MARC

LEADER 00000nam0a2200000 4500
001 173819
005 20231031164526.0
035 |a (RuTPU)RU\TPU\book\188507 
090 |a 173819 
100 |a 20100108d1969 k y0rusy50 ca 
101 0 |a rus 
102 |a RU 
105 |a a j 001zy 
200 1 |a Физические условия залегания вещества в земных недрах  |e учебное пособие по физике горных пород  |h Гл. 2  |f А. А. Воробьев  |g Томский политехнический институт (ТПИ) 
210 |a Томск  |c Изд-во ТПИ  |d 1969 
215 |a 423 л.  |c ил. 
320 |a Библиогр. в конце кн. 
610 1 |a земные недра 
610 1 |a вещества 
610 1 |a залегание 
610 1 |a учебные пособия 
610 1 |a горные породы 
610 1 |a деформация 
610 1 |a твердые тела 
610 1 |a разрушение 
610 1 |a горные породы 
610 1 |a пластичность 
610 1 |a ударные волны 
610 1 |a труды учёных ТПУ 
675 |a 552.1  |v 3 
700 1 |a Воробьев  |b А. А.  |c российский физик  |c ректор Томского политехнического института, профессор  |f 1909-1981  |g Александр Акимович  |2 stltpush  |3 (RuTPU)RU\TPU\pers\12805  |4 070 
712 0 2 |a Томский политехнический институт (ТПИ)  |c (1944-1991)  |2 stltpush  |3 (RuTPU)RU\TPU\col\1123 
801 1 |a RU  |b 63413507  |c 20100108 
801 2 |a RU  |b 63413507  |c 20100311  |g RCR 
942 |c BK